Param vir chakra : (Record no. 38325)

MARC details
000 -LEADER
fixed length control field 00655nam a22002057a 4500
005 - DATE AND TIME OF LATEST TRANSACTION
control field 20100730160725.0
010 ## - LCCN (DPL NO)
LC control number ENG-97485
020 ## - INTERNATIONAL STANDARD BOOK NUMBER
International Standard Book Number 9788170287933
Terms of availability 125.00
020 ## - INTERNATIONAL STANDARD BOOK NUMBER
International Standard Book Number 8170287936
Terms of availability 125.00
035 ## - SYSTEM CONTROL NUMBER
System control number EN-81018
037 ## - SOURCE OF ACQUISITION
Source of stock number/acquisition DBAD/PUB
082 ## - DEWEY DECIMAL CLASSIFICATION NUMBER
Classification number 921
100 ## - MAIN ENTRY--PERSONAL NAME
Personal name Johri, Meera
245 ## - TITLE STATEMENT
Title Param vir chakra :
Remainder of title profile in courage /
Statement of responsibility, etc by Meera Johri
260 ## - PUBLICATION, DISTRIBUTION, ETC. (IMPRINT)
Place of publication, distribution, etc Delhi
Name of publisher, distributor, etc Rajpal and Sons
Date of publication, distribution, etc 2010
270 ## - ADDRESS
Address Kashmere Gate
City Delhi
Postal code 110006
300 ## - PHYSICAL DESCRIPTION
Extent 125p.
Dimensions 21cm (pbk)
942 ## - ADDED ENTRY ELEMENTS (KOHA)
Source of classification or shelving scheme Dewey Decimal Classification
Item type English Books
Classification part 921
Call number suffix JOH
Holdings
Withdrawn status Lost status Not for loan Collection code Home library Current library Date acquired Source of acquisition Cost, normal purchase price Full call number Barcode Copy number Cost, replacement price Koha item type
    Not For Loan Non-fiction D.B.Act.Division D.B.Act.Division 30/07/2010 d 125.00 921 JOH EN-81018 1 125.00 English Books

© Delhi Public Library
Hit Counter
free hit counter